[Event "Pozarevac Rudar 11th"]
[Site "Pozarevac"]
[Date "2023.04.22"]
[Round "5"]
[White "Sahib, Singh"]
[Black "Sredojevic, Ivan"]
[Result "1/2-1/2"]
[WhiteElo "2085"]
[BlackElo "2247"]
[PlyCount "26"]
[EventDate "2023.04.18"]
[EventType "tourn"]
[EventRounds "9"]
[EventCountry "SRB"]
[SourceTitle "CBM 213 Extra"]
[Source "ChessBase"]
[SourceDate "2023.05.31"]
[SourceVersion "1"]
[SourceVersionDate "2023.05.31"]
[SourceQuality "1"]

1. e4 c5 2. Nf3 d6 3. d4 cxd4 4. Nxd4 Nf6 5. Nc3 a6 6. Be3 e6 7. f3 b5 8. g4 Bb7 9. Qd2 Nfd7 10. 0-0-0 Nb6 11. Bd3 N8d7 12. Qf2 Rc8 13. Nce2 Qc7 1/2-1/2

[Event "EU-ch 23rd"]
[Site "Vrnjacka Banja"]
[Date "2023.03.04"]
[Round "2"]
[White "Sychev, Klementy"]
[Black "Sredojevic, Ivan"]
[Result "1-0"]
[WhiteElo "2549"]
[BlackElo "2255"]
[PlyCount "71"]
[EventDate "2023.03.03"]
[EventType "swiss"]
[EventRounds "11"]
[EventCountry "SRB"]
[SourceTitle "CBM 213"]
[Source "ChessBase"]
[SourceDate "2023.04.30"]
[SourceVersion "1"]
[SourceVersionDate "2023.04.30"]
[SourceQuality "1"]

1. e4 e5 2. Nf3 Nf6 3. d4 Nxe4 4. Bd3 d5 5. Nxe5 Be7 6. 0-0 0-0 7. c4 c6 8. Re1 Nf6 9. Nc3 Be6 10. cxd5 cxd5 11. Qb3 Qb6 12. Qxb6 axb6 13. Nb5 Na6 14. a3 Rfc8 15. Bg5 Nc7 16. Nc3 Nce8 17. f4 Nd6 18. g4 h6 19. Bxf6 gxf6 20. Ng6 Bd8 21. f5 Bd7 22. Nf4 Nc4 23. Bxc4 dxc4 24. Nh5 b5 25. Ne4 Bc6 26. d5 Bb6+ 27. Kf1 Be8 28. Nexf6+ Kf8 29. Rad1 b4 30. Rxe8+ Rxe8 31. Nd7+ Ke7 32. Nxb6 bxa3 33. bxa3 Rxa3 34. Nxc4 Rc3 35. d6+ Kd8 36. Na5 1-0

[Event "SRB-ch sf"]
[Site "Novi Banovci"]
[Date "2023.02.09"]
[Round "5"]
[White "Sredojevic, Ivan"]
[Black "Eric, Jovana"]
[Result "1/2-1/2"]
[WhiteElo "2251"]
[BlackElo "2228"]
[PlyCount "49"]
[EventDate "2023.02.06"]
[EventType "swiss"]
[EventRounds "9"]
[EventCountry "SRB"]
[SourceTitle "CBM 212 Extra"]
[Source "ChessBase"]
[SourceDate "2023.03.31"]
[SourceVersion "1"]
[SourceVersionDate "2023.03.31"]
[SourceQuality "1"]

1. e4 c5 2. Nf3 d6 3. Bb5+ Nd7 4. Ba4 Ngf6 5. 0-0 a6 6. c4 e5 7. Nc3 g6 8. d3 Bg7 9. Ne1 0-0 10. f4 Nb6 11. fxe5 Ng4 12. h3 Nxe5 13. Bb3 Be6 14. Nd5 Bxd5 15. cxd5 Nbd7 16. Be3 Rc8 17. Bc2 h6 18. Rc1 Qe7 19. Qd2 Kh7 20. b3 Rfe8 21. Bb1 Nf6 22. Nf3 Nfd7 23. Ne1 Nf6 24. Nf3 Nfd7 25. Ne1 1/2-1/2

[Event "Paracin Prestige op"]
[Site "Paracin"]
[Date "2023.01.18"]
[Round "2"]
[White "Garifullina, Leya"]
[Black "Sredojevic, Ivan"]
[Result "0-1"]
[WhiteElo "2357"]
[BlackElo "2242"]
[PlyCount "114"]
[EventDate "2023.01.17"]
[EventType "swiss"]
[EventRounds "9"]
[EventCountry "SRB"]
[SourceTitle "CBM 212 Extra"]
[Source "ChessBase"]
[SourceDate "2023.03.31"]
[SourceVersion "1"]
[SourceVersionDate "2023.03.31"]
[SourceQuality "1"]

1. e4 d6 2. d4 Nf6 3. Nc3 e5 4. Nf3 Nbd7 5. Bc4 Be7 6. 0-0 0-0 7. Re1 c6 8. a4 h6 9. h3 exd4 10. Nxd4 Ne5 11. Ba2 Ng6 12. f4 Re8 13. Nf3 Bf8 14. f5 Ne5 15. Nxe5 dxe5 16. Qf3 Bb4 17. Kh2 b6 18. Rd1 Qe7 19. Ne2 Ba6 20. c3 Bd6 21. Ng3 Rad8 22. Nh5 Kf8 23. Be3 Bc5 24. Nxf6 Qxf6 25. a5 Bxe3 26. Qxe3 bxa5 27. Qxa7 Bd3 28. Qe3 Bc2 29. Rxd8 Rxd8 30. Bc4 a4 31. Qe2 Qg5 32. Rf1 Rd2 33. Qf3 h5 34. Re1 h4 35. Qg4 Qf4+ 36. Qxf4 exf4 37. Re2 Rxe2 38. Bxe2 f6 39. Kg1 Ke7 40. Kf2 Kd6 41. Bh5 Ke5 42. Be2 c5 43. Bf3 Bxe4 44. Bd1 Bc6 45. Bc2 c4 46. Kf1 Bd7 47. Kf2 Bxf5 48. Bxa4 Be6 49. Bc2 g5 50. Bd1 f5 51. Bc2 g4 52. Bd1 g3+ 53. Kf1 Bd5 54. Be2 f3 55. gxf3 Kf4 56. Kg1 Ke3 57. Bf1 f4 0-1